000 00394nam a2200157Ia 4500
008 241127s9999||||xx |||||||||||||| ||und||
020 _c00
040 _beng
_cSSK Library
_erda
082 _a745.20952/NAK
100 _a Shigeki Nakamura -
245 0 _aPattern Sourcebook: Japanese Style 2
260 _b Rockport
_c©2009
942 _22ddc
_cBOOK
_nNo
999 _c10465
_d10465
003 OSt
005 20241127152830.0